00406 2200157 4500001002100000005001500021035002000036245006700056100001000123300002800133260003100161082000800192084001400200020002200214990001200236INLIS00000000000266420250903091326 a0010-09250000111 aPendidikan Bela Negara Untuk Pelajar SMA / MA /cRonto, S.Pd.I0 aRonto a166 hlm ;c14,5 x 21 cm aJakarta :bErlangga,c2019 a370 a370 RON p a978-602-486-069-1 a0755358